| 000 | 00807nam a2200229 a 4500 | ||
|---|---|---|---|
| 999 |
_c9540 _d9540 |
||
| 001 | 9540 | ||
| 003 | BD-JhCC | ||
| 005 | 20180318133339.0 | ||
| 008 | 180318s1962 bg |||| ||a| 000 0 ben d | ||
| 035 | _a(BD-JhCC)9540 | ||
| 040 |
_aBD-JhCC _dBD-JhCC |
||
| 041 | _aben | ||
| 082 |
_a920 _bWEI 1962 |
||
| 100 | _aউইট, উলিয়াম এ, ডি | ||
| 245 |
_aশত জীবনের কথা / _cউলিয়াম এ, ডি উইট এবং স্যামূয়েল নিসেনসন |
||
| 260 |
_aঢাকা : _bবুক প্রমোশন লিমিটেড, _c1962 |
||
| 300 |
_a177 p. : _c18 cm. |
||
| 650 | _aCollection of Biography | ||
| 700 | _aআহমদ, মতিনউদ্দীন (অনুবাদক) | ||
| 942 |
_2ddc _cBK |
||